Medzinárodná značka kvality EUR-ACE pre inžinierske študijné programy

Štát aj školy hľadajú prijateľné postupy, ako hodnotiť a preukázať kvalitu vzdelávania v prostredí rastúcej konkurencie a boja o obmedzené verejné zdroje. Jednou z možností sú systémy nezávislých medzinárodných akreditácií. Zväz slovenských vedeckotechnických spoločností prostredníctvom svojho Akred...

Descrizione completa

Salvato in:
Dettagli Bibliografici
Autore principale: Džubáková, Martina
Natura: Capitolo di libro
Lingua:slovacco
Soggetti:
Tags: Aggiungi Tag
Nessun Tag, puoi essere il primo ad aggiungerne!!

MARC

LEADER 00000naa a2200000 4500
001 0222286
005 20240502083551.0
041 0 |a slo 
044 |a CZ 
245 1 0 |a Medzinárodná značka kvality EUR-ACE pre inžinierske študijné programy  |c Martina Džubáková 
520 |a Štát aj školy hľadajú prijateľné postupy, ako hodnotiť a preukázať kvalitu vzdelávania v prostredí rastúcej konkurencie a boja o obmedzené verejné zdroje. Jednou z možností sú systémy nezávislých medzinárodných akreditácií. Zväz slovenských vedeckotechnických spoločností prostredníctvom svojho Akreditačného centra v apríli 2016 zahájil akreditáciu prvých inžinierskych študijných programov poľa štandardov EUR-ACE Framework standards and guidelines. 
610 2 0 |a vzdelávanie vysokoškolské 
610 2 0 |a akreditácia 
610 2 0 |a kvalita vzdelávania 
610 2 0 |a štandardy medzinárodné 
100 1 |a Džubáková, Martina